El sitio de Manila (1898) (Record no. 166448)

MARC details
000 -LEADER
campo de control de longitud fija 01133nam a2200313 i 4500
001 - NÚMERO DE CONTROL
campo de control 166448
003 - IDENTIFICADOR DE NÚMERO DE CONTROL
campo de control ES-MaACL
005 - FECHA Y HORA DE LA ÚLTIMA TRANSACCIÓN
campo de control 20250928105547.0
008 - DATOS DE LONGITUD FIJA--INFORMACIÓN GENERAL
campo de control de longitud fija 000211s1898 phlbe |||| |cspa d
040 ## - FUENTE DE CATALOGACIÓN
Centro catalogador/agencia de origen CCPB | B
Lengua de catalogación spa
Centro/agencia transcriptor CCPB | B
080 ## - NÚMERO DE LA CLASIFICACIÓN DECIMAL UNIVERSAL
Número de la Clasificación Decimal Universal 929 Toral, José
080 ## - NÚMERO DE LA CLASIFICACIÓN DECIMAL UNIVERSAL
Número de la Clasificación Decimal Universal 929 Toral, Juan
080 ## - NÚMERO DE LA CLASIFICACIÓN DECIMAL UNIVERSAL
Número de la Clasificación Decimal Universal 94(599)"1896/98"(093.3)
100 1# - ENTRADA PRINCIPAL--NOMBRE DE PERSONA
Nombre de persona Toral, Juan.
9 (RLIN) 133298
245 13 - MENCIÓN DEL TÍTULO
Título El sitio de Manila (1898)
Resto del título : memorias de un voluntario /
Mención de responsabilidad, etc. Juan y José Toral.
260 ## - PUBLICACIÓN, DISTRIBUCIÓN, ETC.
Lugar de publicación, distribución, etc. Manila :
Nombre del editor, distribuidor, etc. [s.n.],
Fecha de publicación, distribución, etc. 1898 (
Fabricante Imp. Litogr. Partier)
300 ## - DESCRIPCIÓN FÍSICA
Extensión 321 p., [5] h. de plan. ;
Dimensiones 22 cm.
510 4# - NOTA DE CITAS O REFERENCIAS BIBLIOGRÁFICAS
Nombre de la fuente Palau,
Localización dentro de la fuente 334164
530 ## - NOTA DISPONIBLE DE FORMULARIO FÍSICO ADICIONAL
Nota de formato físico adicional disponible Disponible en formato digital.
599 ## - NOTA A LAS ILUSTRACIONES
NOTA A LAS ILUSTRACIONES Las h. de plan., 3 pleg., en col.
600 14 - PUNTO DE ACCESO ADICIONAL DE MATERIA--NOMBRE DE PERSONA
Nombre de persona Toral, Juan.
9 (RLIN) 133298
600 17 - PUNTO DE ACCESO ADICIONAL DE MATERIA--NOMBRE DE PERSONA
Nombre de persona Toral, José,
Fechas asociadas al nombre 1874-1935
Fuente del encabezamiento o término
9 (RLIN) 159961
651 #4 - PUNTO DE ACCESO ADICIONAL DE MATERIA--NOMBRE GEOGRÁFICO
Nombre geográfico Filipinas-
Subdivisión general Historia-
Subdivisión cronológica 1896-1898, Insurrección.
9 (RLIN) 155351
700 1# - ENTRADA AGREGADA--NOMBRE PERSONAL
Nombre de persona Toral, José,
Fechas asociadas al nombre 1874-1935
9 (RLIN) 159961
752 ## - ENTRADA AGREGADA--NOMBRE JERÁRQUICO DEL LUGAR
País o entidad superior Filipinas -
Ciudad Manila
852 ## - LOCALIZACIÓN
Ubicación ES-MaACL
Número de control de estantería F-2792
Nota libre - Enc. hol.
856 ## - LOCALIZACIÓN Y ACCESO ELECTRÓNICOS
Identificador Uniforme de Recursos <a href="http://bdh-rd.bne.es/viewer.vm?id=0000124401&page=1 ">http://bdh-rd.bne.es/viewer.vm?id=0000124401&page=1 </a>
Nota pública Biblioteca Digital Hispánica
Holdings
Estatus retirado Estado de pérdida Estado de daño No para préstamo Colección Biblioteca de origen Biblioteca actual Ubicación en estantería Fecha de adquisición Fuente de adquisición Total de préstamos Signatura topográfica completa Código de barras Visto por última vez Precio de reemplazo Tipo de ítem Koha
        Colección digital Biblioteca del Ateneo de Madrid Biblioteca del Ateneo de Madrid Depósito 2 17/01/2008     F-2792 1174570 23/02/2023 23/02/2023 Libro impreso antiguo